000 00454cam a2200181Ia 4500
020 _a0072847131 (pbk.)
020 _a9780072847130 (pbk.)
040 _cCDC
082 _a960 HIL 2004 A104 Or.
100 1 _aRamsay, Jeff.
245 1 0 _aAfrica /
250 _a10th ed.
260 _aGuilford, Conn. :
_bMcGraw-Hill/Dushkin,
_cc2004.
300 _a272 p. :
_bill., maps ;
_c28 cm.
490 1 _aGlobal studies
700 1 _aEdge, Wayne.
942 _cEK
999 _c16059
_d16059